000 00727nam a2200181Ia 4500
003 GCL
008 140319s9999 xx 000 0 ara d
040 _aGCL /
_cGCL
082 0 4 _a920
_bم ع \\=aالمكتبة الحديثة للطباعةوالنشرv
245 1 0 _aعظيمات لعبن بتاريخ العالم من العالم نوادر ولطائف الخلفاء الامراء القضاه الفقهاء الاعراب النجلاء الثقلاء البلهاء
300 _a251 ص
490 _aالهيئة العامة للاستعلامات
_v0
650 0 4 _aالتراجم
650 0 4 _aالنوادر
650 0 4 _aالرجال - تراجم
650 0 4 _aالنساء - تراجم
942 _2ddc
_cBK
999 _c51980
_d51980